La guerra franco-alemana de 1870-71 / (Record no. 159932)
[ view plain ]
| 000 -LEADER | |
|---|---|
| campo de control de longitud fija | 01672nam a2200373 i 4500 |
| 001 - NÚMERO DE CONTROL | |
| campo de control | 159932 |
| 003 - IDENTIFICADOR DE NÚMERO DE CONTROL | |
| campo de control | ES-MaACL |
| 005 - FECHA Y HORA DE LA ÚLTIMA TRANSACCIÓN | |
| campo de control | 20260318063017.0 |
| 007 - CAMPO FIJO DE DESCRIPCIÓN FÍSICA--INFORMACIÓN GENERAL | |
| campo de control de longitud fija | ta |
| 008 - DATOS DE LONGITUD FIJA--INFORMACIÓN GENERAL | |
| campo de control de longitud fija | 960529s1891 sp a||| ||||| 001 0 spa d |
| 040 ## - FUENTE DE CATALOGACIÓN | |
| Centro catalogador/agencia de origen | ES-MaACL |
| Lengua de catalogación | spa |
| Centro/agencia transcriptor | ES-MaACL |
| Normas de descripción | rda |
| 080 ## - NÚMERO DE LA CLASIFICACIÓN DECIMAL UNIVERSAL | |
| Número de la Clasificación Decimal Universal | 94(44)"1870/71"(093.3) |
| 080 ## - NÚMERO DE LA CLASIFICACIÓN DECIMAL UNIVERSAL | |
| Número de la Clasificación Decimal Universal | 94(431)"1870/71"(093.3) |
| 100 1# - ENTRADA PRINCIPAL--NOMBRE DE PERSONA | |
| Nombre de persona | Moltke, Helmuth Karl Bernhard Graf von, |
| Títulos y otros términos asociados al nombre | Conde de, |
| Fechas asociadas al nombre | 1800-1891 |
| 9 (RLIN) | 130038 |
| Relación | aut |
| Término indicativo de función/relación | Autor |
| 245 13 - MENCIÓN DEL TÍTULO | |
| Título | La guerra franco-alemana de 1870-71 / |
| Mención de responsabilidad, etc. | por el Feld-Mariscal Conde de Moltke con un apéndice sobre el supuesto consejo de guerra en las campañas del emperador Guillermo I ; traducción de D.E.S. Kirchner |
| 246 14 - FORMA VARIANTE DEL TITULO | |
| Título propio/Titulo breve | Historia de la guerra franco-alemana de 1870-71 |
| 264 #1 - PRODUCCIÓN, PUBLICACIÓN, DISTRIBUCIÓN, FABRICACIÓN Y COPYRIGHT | |
| Producción, publicación, distribución, fabricación y copyright | Barcelona : |
| Nombre del de productor, editor, distribuidor, fabricante | Montaner y Simon, editores, |
| Fecha de producción, publicación, distribución, fabricación o copyright | 1891 |
| 300 ## - DESCRIPCIÓN FÍSICA | |
| Extensión | VI, 351 páginas : |
| Otras características físicas | ilustraciones (blanco y negro) ; |
| Dimensiones | 25 cm |
| 336 ## - TIPO DE CONTENIDO | |
| Fuente | rdacontent |
| Término de tipo de contenido | Texto |
| 337 ## - TIPO DE MEDIO | |
| Fuente | rdamedia |
| Nombre/término del tipo de medio | sin mediación |
| 338 ## - TIPO DE SOPORTE | |
| Fuente | rdacarrier |
| Nombre/término del tipo de soporte | volumen |
| 500 ## - NOTA GENERAL | |
| Nota general | Índice |
| 650 #4 - PUNTO DE ACCESO ADICIONAL DE MATERIA--TÉRMINO DE MATERIA | |
| 9 (RLIN) | 136210 |
| Término de materia o nombre geográfico como elemento de entrada | Guerra franco-prusiana, 1870-1871 |
| 700 1# - ENTRADA AGREGADA--NOMBRE PERSONAL | |
| Nombre de persona | Kirchner, D. E. S. |
| 9 (RLIN) | 128460 |
| Relación | aut |
| Término indicativo de función/relación | Autor |
| 700 1# - ENTRADA AGREGADA--NOMBRE PERSONAL | |
| Nombre de persona | Bastid, Ricardo, |
| 9 (RLIN) | 26367 |
| Relación | own |
| Término indicativo de función/relación | Antiguo poseedor |
| Fechas asociadas al nombre | 1919-1966 |
| 710 21 - ENTRADA AGREGADA--NOMBRE DE ENTIDAD CORPORATIVA | |
| Nombre de entidad corporativa o nombre de jurisdicción como elemento de entrada | Montaner y Simón, |
| 9 (RLIN) | 134693 |
| 752 ## - ENTRADA AGREGADA--NOMBRE JERÁRQUICO DEL LUGAR | |
| País o entidad superior | España - |
| Ciudad | Barcelona |
| 852 ## - LOCALIZACIÓN | |
| Ubicación | ES-MaACL |
| Número de control de estantería | G-4959 |
| Encuadernación | Encuadernación cartoné |
| Ubicación en estantería | Depósito 2 |
| itemnumber | 165909 |
| 852 ## - LOCALIZACIÓN | |
| Ubicación | ES-MaACL |
| Número de control de estantería | DB-86 |
| Encuadernación | Encuadernación cartoné |
| Ubicación en estantería | Despachos-biblioteca |
| Anotaciones manuscritas | Título de la cubierta manuscrito. Firma de "Ricardo Bastid" y de "Luis Castro" en portada. Firma de "Castro" en página 9. |
| Donativo/Legado | Donativo: Milde Tomás Bastid |
| itemnumber | 207140 |
| 942 ## - ELEMENTOS DE ENTRADA SECUNDARIOS (KOHA) | |
| Tipo de ítem Koha | Libro impreso |
| Suprimir en OPAC | No |
| Estatus retirado | Estado de pérdida | Estado de daño | No para préstamo | Colección | Biblioteca de origen | Biblioteca actual | Ubicación en estantería | Fecha de adquisición | Fuente de adquisición | Total de préstamos | Signatura topográfica completa | Código de barras | Visto por última vez | Precio de reemplazo | Tipo de ítem Koha | Fuente del sistema de clasificación o colocación | Nota pública |
|---|---|---|---|---|---|---|---|---|---|---|---|---|---|---|---|---|---|
| Libros del s. XIX | Biblioteca del Ateneo de Madrid | Biblioteca del Ateneo de Madrid | Depósito 2 | 17/01/2008 | G-4959 | 1167429 | 23/02/2023 | 23/02/2023 | Libro impreso antiguo | ||||||||
| Libros del s. XIX | Biblioteca del Ateneo de Madrid | Biblioteca del Ateneo de Madrid | Despachos-biblioteca | 11/03/2026 | Donación | DB-86 | 2026-0133 | 16/03/2026 | 16/03/2026 | Libro impreso | Clasificación decimal universal | Título de la cubierta manuscrito. Firma de "Ricardo Bastid" y de "Luis Castro" en portada. Firma de "Castro" en página 9. |
